Normal view
MARC view
Entry Topical Term
001 - CONTROL NUMBER
- control field: 257421
003 - CONTROL NUMBER IDENTIFIER
- control field: OSt
005 - DATE AND TIME OF LATEST TRANSACTION
- control field: 20260303110057.0
008 - FIXED-LENGTH DATA ELEMENTS
- fixed length control field: 260303|| aca||aabn | a|a d
040 ## - CATALOGING SOURCE
- Original cataloging agency: OSt
- Transcribing agency: OSt
150 ## - HEADING--TOPICAL TERM
- Topical term or geographic name entry element: Income from salary
670 ## - SOURCE DATA FOUND
- Source citation: Work cat.: (OSt)203292: Hariharan, N. 257419, Income tax law and practice:, 2008.